00887nam a2200241 i 4500001000300000245010100003260004000104300002800144490004700172650004400219651002500263700002100288700002700309830004100336040000800377041000800385080003000393942000700423008004100430999001700471856009800488952005900586bg00aGdańsk - morze możliwości /c[Katarzyna Drozd et al. ; pod kier. Krzysztofa Szczepaniaka]. aGdańsk :bUrząd Miejski,c2004. a146 s. :bil. ;c30 cm.1 aRaport o stanie miasta,x1642-7726 ;v2003 9aGospodarka terenowazPolskayod 2001 r. 9aGdańskyod 2001 r.1 aDROZD, Katarzyna1 aSZCZEPANIAK, Krzysztof aRaport o stanie miasta,x1642-7726 ; cBPK0 apol a332.1:352](438)"2001/..." cKS s pl f |000 0 pol  c46432d46432 uhttp://koha.tu.koszalin.pl/cgi-bin/koha/opac-detail.pl?biblionumber=46432yKatalog online BPK 00104071aBPKbBPKcco76350p02275499t332 GrityKS